| 000 | 01496pab a2200145 454500 | ||
|---|---|---|---|
| 008 | 180718b2002 xxu||||| |||| 00| 0 eng d | ||
| 100 | _aSehested, Karina | ||
| 245 | _aHow new public management reforms challenge the roles of professionals | ||
| 260 | _c2002 | ||
| 300 | _ap.1513-537. | ||
| 520 | _aThe article discusses the relationship between New Public Management reforms and professional roles in European countries. The author presents the traditional autonomous role of professionals and argues that this role is challenged in New Public Management reforms. Then the author looks more closely into the comparative European literature on New Public Management reforms to find general messages about the specific challenges for professionals, and the Danish way of implementing New Public Management reforms is introduced with a specific combination of decentralisation, managerialism and democratisation. Professionals are faced with all of these reform strategies and each of them raises important research questions in a study of reforms and roles. Finally the author presents the few European comparative studies on actual changes in professional role as a consequence of New Public Management reforms and the result is the upcoming of maybe a new interactive role and professional managers. The result calls for further studies into these new roles. - Reproduced. | ||
| 650 | _aAdministrative reform | ||
| 773 | _aInternational Journal of Public Administration | ||
| 909 | _a54672 | ||
| 999 |
_c54672 _d54672 |
||